000 00759nam a2200229Ii 4500
003 JO-AjNU
008 230605s9999||||xx |||||||||||||| ||und||
017 _a2003/21300
020 _a977-322-129-6
040 _aJO-AjNU
_bara
_erda
_cJO-AjNU
041 _aara
050 1 4 _aDF545.F3792 2004
100 3 _aتاليف فرج، وسام عبد العزيز,
_eauthor
_97292
245 0 0 _aبيزنطة: قراءة في التاريخ السياسي والاداري
250 _aط1
264 3 1 _aمصر: عين للدراسات والبحوث ، 2004
300 _a249ص
336 _atext
_btxt
_2rdacontent
337 _aunmediated
_bn
_2rdamedia
338 _avolume
_bnc
_2rdacarrier
650 4 _aبيزنطة-تاريخ سياسي واداري
_97293
999 _aA206
_c3774
_d3774